Sachsen Wappen der Landkreise - Statistiken

Allgemein
  • Dieses Quiz wurde 8 mal gespielt
  • Das Durchschnittsergebnis liegt bei 11 aus 13
Antwortstatistiken
Bildquiz Antwort % Korrekt
Chemnitz
100%
Dresden
100%
Landkreis Görlitz
100%
Leipzig (Stadt)
100%
Erzgebirgskreis
83%
Landkreis Bautzen
83%
Landkreis Meißen
83%
Landkreis Mittelsachsen
83%
Landkreis Nordsachsen
83%
Landkreis Zwickau
83%
Vogtlandkreis
83%
Landkreis Leipzig
67%
Landkreis Sächsische Schweiz-Osterzgebirge
67%
Keine übereinstimmenden Quizze gefunden
Verteilung der Resultate
Anzahl Personen mit jedem Resultat
Perzentil nach korrekt beantworteten Fragen
Ihre Resultats-Entwicklung
Sie haben dieses Quiz noch nicht gespielt